Karim Naam - Raag - Miya Ka Malhar / (Record no. 44090)

MARC details
000 -LEADER
fixed length control field 01050njm a22002537a 4500
005 - DATE AND TIME OF LATEST TRANSACTION
control field 20100906151526.0
006 - FIXED-LENGTH DATA ELEMENTS--ADDITIONAL MATERIAL CHARACTERISTICS--GENERAL INFORMATION
fixed length control field a|||||r|||||00| 0
007 - PHYSICAL DESCRIPTION FIXED FIELD--GENERAL INFORMATION
fixed length control field sd ammalaaahaa
008 - FIXED-LENGTH DATA ELEMENTS--GENERAL INFORMATION
fixed length control field 100906t xxu||||| |||| 00| 0 eng d
028 ## - PUBLISHER NUMBER
Publisher number ECLP.2253
Source His Master's Voice
035 ## - SYSTEM CONTROL NUMBER
System control number GR-826
040 ## - CATALOGING SOURCE
Original cataloging agency SED
Transcribing agency SED
100 ## - MAIN ENTRY--PERSONAL NAME
9 (RLIN) 17690
Personal name Joshi, Bhimsen
245 ## - TITLE STATEMENT
Title Karim Naam - Raag - Miya Ka Malhar /
Medium [Sound Recording] :
Statement of responsibility, etc by Bhimsen Joshi
246 ## - VARYING FORM OF TITLE
Title proper/short title करीम नाम - राग - मिया का मल्हार /
260 ## - PUBLICATION, DISTRIBUTION, ETC. (IMPRINT)
Place of publication, distribution, etc Dum Dum India
Name of publisher, distributor, etc His Master's Voice
300 ## - PHYSICAL DESCRIPTION
Extent 1 sound disc (Gramophone Recording)
Other physical details analog 33 1/3 rpm
Dimensions 12 in. (LP)
Type of unit Gramophone Record
440 ## - SERIES STATEMENT/ADDED ENTRY--TITLE
9 (RLIN) 18626
500 ## - GENERAL NOTE
General note Brief record
505 ## - FORMATTED CONTENTS NOTE
Formatted contents note Side-2 आज सो बना -राग -पूर्वा कल्याण (Aaj So Bana - Raag - Poorwa Kalyan) (Bhimsen Joshi)
650 ## - SUBJECT ADDED ENTRY--TOPICAL TERM
Topical term or geographic name as entry element Hindustani Classical Music
General subdivision Excerpts
Geographic subdivision India
9 (RLIN) 17691
942 ## - ADDED ENTRY ELEMENTS (KOHA)
Source of classification or shelving scheme Dewey Decimal Classification
Item type Gramaphone Records
Holdings
Withdrawn status Lost status Source of classification or shelving scheme Damaged status Not for loan Collection code Home library Current library Date acquired Source of acquisition Total Checkouts Barcode Date last seen Copy number Price effective from Koha item type
    Dewey Decimal Classification   Not For Loan Non-fiction Central Library Central Library 06/09/2010 SED/VEN   GR-826 06/09/2010 1 06/09/2010 Gramaphone Records

© Delhi Public Library
Hit Counter
free hit counter